National Assembly Library of Thailand

The knee height measurement tool prototype development, male knee height equations, and factors associated with nutrition status in Thai elderly / (ระเบียนเลขที่ 107434)

รายละเอียดในรูปแบบ MARC
000 -LEADER
fixed length control field 01557nam a22002537a 4500
003 - CONTROL NUMBER IDENTIFIER
control field NALT
005 - DATE AND TIME OF LATEST TRANSACTION
control field 20251113143020.0
008 - FIXED-LENGTH DATA ELEMENTS--GENERAL INFORMATION
fixed length control field 251106b th ||||| |||| 00| 0 eng d
040 ## - CATALOGING SOURCE
Original cataloging agency NALT
050 ## - LIBRARY OF CONGRESS CALL NUMBER
Classification number RA 784
Item number W37K 2025
100 0# - MAIN ENTRY--PERSONAL NAME
Personal name Wararat Noowattana.
9 (RLIN) 66912
245 10 - TITLE STATEMENT
Title The knee height measurement tool prototype development, male knee height equations, and factors associated with nutrition status in Thai elderly /
Statement of responsibility, etc. Wararat Noowattana.
260 ## - PUBLICATION, DISTRIBUTION, ETC.
Place of publication, distribution, etc. Nakhonpathom :
Name of publisher, distributor, etc. Mahidol University,
Date of publication, distribution, etc. 2025.
300 ## - PHYSICAL DESCRIPTION
Extent 113 p. :
Other physical details ill., tables, chart ;
Dimensions 30 cm.
505 2# - FORMATTED CONTENTS NOTE
Formatted contents note Chapter 1 Introduction --<br/>Chapter 2 Literature reviews --<br/>2.1 Demographic trends and the elderly population in Thailand --<br/>2.2 Theories of aging --<br/>2.3 Nutrition and health problems in the elderly -<br/>2.4 Dietary recommendations for Thai elderly --<br/>2.5 Nutritional status in the elderly --<br/>2.6 Nutrition assessment in the elderly --<br/>2.7 Anthropometric assessment in the elderly --<br/>2.8 Dietary assessment in the elderly --<br/>2.9 Study of knee height equations for the estimation of body height --<br/>2.10 Knee height caliper --<br/>Chapter 3 Materials and methods --<br/>Chapter 4 Results --<br/>Chapter 5 Discussion --<br/>Chapter 6 Conclusion.
650 #0 - SUBJECT ADDED ENTRY--TOPICAL TERM
Topical term or geographic name entry element Older people
General subdivision Nutrition
9 (RLIN) 67001
650 #0 - SUBJECT ADDED ENTRY--TOPICAL TERM
Topical term or geographic name entry element Body height
General subdivision Measurement
-- Equations
9 (RLIN) 67002
650 #0 - SUBJECT ADDED ENTRY--TOPICAL TERM
Topical term or geographic name entry element Knee
General subdivision Older people
9 (RLIN) 67003
942 ## - ADDED ENTRY ELEMENTS (KOHA)
Source of classification or shelving scheme Library of Congress Classification
Koha item type Research/Thesis
996 ## - STAFF PROCESSING RECORDS (NALT)
Staff name jidapa.t
Staff type ACQSTF
Acquisition or Cataloging date 2025-11-06
996 ## - STAFF PROCESSING RECORDS (NALT)
Staff name varee.k
Staff type LIBSTF
Acquisition or Cataloging date 2025-11-07
996 ## - STAFF PROCESSING RECORDS (NALT)
Staff name jamriang.p
Staff type CATSTF
Acquisition or Cataloging date 2025-11-12
998 ## - STAFF NAME (NALT)
-- 6650
-- นางสาววารี เกตุโฉม
รายการที่มีในห้องสมุด
Withdrawn status Lost status Source of classification or shelving scheme Damaged status Not for loan Collection code Home library Current library Shelving location Date acquired Total Checkouts Full call number Barcode Date last seen Price effective from Koha item type
    Library of Congress Classification     Research & Theses collection National Assembly Library of Thailand National Assembly Library of Thailand Research & Theses shelves 06/11/2025   Res RA 784 W37K 2025 3961215793 06/11/2025 06/11/2025 Research/Thesis
หอสมุดรัฐสภา
สำนักงานเลขาธิการสภาผู้แทนราษฎร เลขที่ 1111 ถนนสามเสน แขวงถนนนครไชยศรี เขตดุสิต กรุงเทพฯ 10300
The Secretariat of the House of Representatives 1111 Samsen Road, Thanon Nakhon Chai Si, Dusit, Bangkok 10300, THAILAND
โทรศัพท์: +66(0) 2242 5900 ต่อ 5714-5 โทรสาร: +66(0) 2242 5990 อีเมล: [email protected]